Central Library OPAC University of Rajshahi

ATM : (Record no. 66039)

MARC details
000 -LEADER
fixed length control field 00977pam a2200277 a 4500
001 - CONTROL NUMBER
control field 66039
003 - CONTROL NUMBER IDENTIFIER
rucl marc code BD-RjUL
005 - DATE AND TIME OF LATEST TRANSACTION
control field 20211209081508.0
008 - FIXED-LENGTH DATA ELEMENTS--GENERAL INFORMATION
fixed length control field 980618s1996 enka b 001 0 eng
020 ## - INTERNATIONAL STANDARD BOOK NUMBER
International Standard Book Number 0201877015 (alk. paper)
035 ## - SYSTEM CONTROL NUMBER
System control number (BD-RjUL)66169
040 ## - CATALOGING SOURCE
Original cataloging agency DLC
Transcribing agency DLC
Modifying agency DLC
-- BD-RjUL
Language of cataloging eng
041 ## - LANGUAGE CODE
Language code of text/sound track or separate title eng
082 00 - DEWEY DECIMAL CLASSIFICATION NUMBER
Edition number 23
Classification number 004.66
Author mark and year GIA 1996
100 1# - MAIN ENTRY--PERSONAL NAME
Personal name Ginsburg, David
Dates associated with a name 1963-
9 (RLIN) 195337
245 10 - TITLE STATEMENT
Title ATM :
Remainder of title solutions for enterprise internetworking /
Statement of responsibility, etc. David Ginsburg.
260 ## - PUBLICATION, DISTRIBUTION, ETC. (IMPRINT)
Place of publication, distribution, etc. Harlow, England ;
-- Reading, Mass. :
Name of publisher, distributor, etc. Addison-Wesley,
Date of publication, distribution, etc. 1996
300 ## - PHYSICAL DESCRIPTION
Pagination xvi, 569 p. :
Illustrations ill. ;
Size 25 cm.
504 ## - BIBLIOGRAPHY, ETC. NOTE
Bibliography, etc Includes bibliographical references (p. [543]-555) and index.
650 #0 - SUBJECT ADDED ENTRY--TOPICAL TERM
Topical term or geographic name as entry element Asynchronous transfer mode.
9 (RLIN) 195339
Topical term or geographic name as entry element Internetworking (Telecommunication)
9 (RLIN) 195340
830 ## - SERIES ADDED ENTRY--UNIFORM TITLE
Uniform title Data communications and networks series
942 ## - ADDED ENTRY ELEMENTS (KOHA)
Source of classification or shelving scheme Dewey Decimal Classification
Koha item type Books
Holdings
Lost status Source of classification or shelving scheme Damaged status Not for loan Collection code Permanent Location Current Location Shelving location Date acquired Source of acquisition Cost, normal purchase price Total Checkouts Full call number Date last seen Copy number Koha item type
  Dewey Decimal Classification   Not For Loan Non-fiction Central Library, University of Rajshahi Central Library, University of Rajshahi Reading Room 06/08/2007 Dhaka, Paragon Enterprises Ltd 49.49   004.66 GIA 1996 13/03/2017 C-1 Books